| 000 | 00451nam a2200205Ia 4500 | ||
|---|---|---|---|
| 008 | 210210b2005 xxu||||| |||| 00| 0 eng d | ||
| 020 | _a10 1402031823 | ||
| 041 | _aeng | ||
| 082 | _a595.7 GILE | ||
| 100 | _aGILLOTT (Cedric) | ||
| 245 | _aEntomology Ed 3 | ||
| 250 | _a | ||
| 260 |
_aNetherland _bSpringer _c2005 |
||
| 300 | _axvii,831 | ||
| 650 | _aEntomology | ||
| 650 | _aEd | ||
| 650 | _a3 | ||
| 690 | _aEntomology | ||
| 906 | _a070944 | ||
| 999 |
_c120356 _d120356 |
||